बैंकिंग में प्रयोजनमूलक हिन्दी / (Record no. 53051)

MARC details
000 -LEADER
fixed length control field 00618nam a2200181Ia 4500
005 - DATE AND TIME OF LATEST TRANSACTION
control field 20260429112233.0
008 - FIXED-LENGTH DATA ELEMENTS--GENERAL INFORMATION
fixed length control field 260429s9999||||xx |||||||||||||| ||und||
020 ## - INTERNATIONAL STANDARD BOOK NUMBER
International Standard Book Number 9789382848745
041 ## - LANGUAGE CODE
Language Hindi
082 ## - DEWEY DECIMAL CLASSIFICATION NUMBER
Classification number 491.43
Item number GAU
100 ## - MAIN ENTRY--PERSONAL NAME
Personal name गौड़ा, नामदेव एम.
245 #0 - TITLE STATEMENT
Title बैंकिंग में प्रयोजनमूलक हिन्दी /
Statement of responsibility, etc नामदेव एम. गौड़ा
250 ## - EDITION STATEMENT
Edition statement 1st ed.
260 ## - PUBLICATION, DISTRIBUTION, ETC. (IMPRINT)
Place of publication, distribution, etc दिल्ली :
Name of publisher, distributor, etc प्रकाशन संस्थान,
Date of publication, distribution, etc 2014.
300 ## - PHYSICAL DESCRIPTION
Extent 135 p.; Hb
650 ## - SUBJECT ADDED ENTRY--TOPICAL TERM
Topical term or geographic name as entry element Hindi Language
942 ## - ADDED ENTRY ELEMENTS (KOHA)
Koha item type Text Books
Holdings
Withdrawn status Lost status Damaged status Not for loan Collection code Home library Location Shelving location Date of Cataloging Source of acquisition Total Checkouts Full call number Barcode Date last seen Price effective from Koha item type
        Non-fiction CUTN Central Library CUTN Central Library Languages 29/04/2026 Segment Book Distributors, New Delhi - Invoice No. 71458 on 09-02-2026   491.43 GAU 58218 29/04/2026 29/04/2026 Text Books